000 00232nam a2200097Ia 4500
008 240321s9999 xx 000 0 und d
082 _a724.6
_bJOD
100 _aJodidio, Philip
245 0 _aArchitecture: art
260 _bPrestel Verlag
999 _c59519
_d59519